000 01183cam a2200325 i 4500
001 4126056
003 GBCCL
005 20251113143903.0
008 760827s1977 paub b 001 0 eng
020 _a0664212913
020 _a9780664212919
035 _a4126056
040 _aDLC
_cDLC
_dDLC
082 0 0 _a221.95
_bISR 1
245 0 0 _aIsraelite and Judaean history /
_cedited by John H. Hayes and J. Maxwell Miller.
260 _aPhiladelphia :
_bTrinity press international ,
_c1990, c1977.
300 _axxxi, 736 p. :
_bmaps ;
_c23 cm.
440 4 _aThe Old Testament library
500 _aIncludes indexes.
504 _aBibliography: p. [xxv]-xxxi.
630 0 0 _aBible.
_pOld Testament
_xHistory of Biblical events.
630 0 0 _aBible.
_pOld Testament
_xCriticism, interpretation, etc.
_xHistory.
650 0 _aJews
_xHistory
_yTo 70 A.D.
650 0 _aJews
_xHistory
_yTo 70 A.D.
_xHistoriography.
700 1 _aHayes, John H.
_q(John Haralson),
_d1934-2013.
700 1 _aMiller, J. Maxwell
_q(James Maxwell),
_d1937-
906 _a7
_bcbc
_corignew
_d1
_eocip
_f19
_gy-gencatlg
942 _2ddc
_cBK
_n0
999 _c11032
_d11032